Dirección de marketing

में बचाया:
ग्रंथसूची विवरण
मुख्य लेखकों: Kotler, Philip (लेखक), Keller, Kevin Lane (लेखक)
स्वरूप: पुस्तक
भाषा:स्पेनिश
प्रकाशित: Ciudad de México, México Pearson Educación 2012
संस्करण:Decimocuarta edición
विषय:
ऑनलाइन पहुंच:Disponible Online
टैग: टैग जोड़ें
कोई टैग नहीं, इस रिकॉर्ड को टैग करने वाले पहले व्यक्ति बनें!

MARC

LEADER 00000cam a2200000 a 4500
001 UCF2547
003 CL-VaPUC
005 20240617151920.0
008 120830e20120000MX |||||||||||||||||spa|d
999 |c 349096  |d 349094 
020 |a 9786073212458 
040 |c Pontificia Universidad Católica de Valparaíso 
082 0 4 |a 658.802 KOT 2012  |2 21 
100 |a Kotler, Philip  |e author  |9 578348 
245 1 0 |a Dirección de marketing 
250 |a Decimocuarta edición  
260 |a Ciudad de México, México   |b Pearson Educación  |c 2012 
300 |a 657 páginas  
583 |a last modification  |c 20181206 11:48:29  |k Rodrigo Vera 
650 0 |a Marketing  |9 259324 
650 0 |a Valor agregado  |9 414855 
650 0 |a Análisis de mercado   |9 260838 
650 0 |a Gestión de producto  |9 462298 
650 0 |a Fidelización del cliente   |9 888509 
700 |a Keller, Kevin Lane  |e author  |9 592406 
856 |u http://bibliografiadigital.pucv.cl.pucv.idm.oclc.org/index.php/bibliotecapucv/catalog/book/359  |y Disponible Online  
942 |c BK  |2 ddc 
945 |d 20120830 00:00:00  |a cmena 
952 |0 0  |1 0  |4 0  |6 658_802000000000000_KOT_2012  |7 0  |8 R  |9 451495  |a BIBENE  |b BIBENE  |d 2019-11-22  |i 4897536  |l 1  |o 658.802 KOT 2012  |p 4897536  |r 2025-01-15  |s 2022-09-22  |w 2019-11-22  |y BK_R  |k ICO 
952 |0 0  |1 0  |4 0  |6 658_802000000000000_KOT_2012  |7 0  |8 R  |9 451496  |a BIBENE  |b BIBENE  |d 2019-11-22  |i 4897544  |l 5  |o 658.802 KOT 2012  |p 4897544  |r 2025-03-27  |s 2025-03-27  |w 2019-11-22  |y BK_R  |k ICO 
952 |0 0  |1 0  |4 0  |6 658_802000000000000_KOT_2012  |7 0  |8 R  |9 451497  |a BIBENE  |b BIBENE  |d 2019-11-22  |i 4897552  |l 3  |o 658.802 KOT 2012  |p 4897552  |r 2025-03-27  |s 2023-03-15  |w 2019-11-22  |y BK_R  |k ICO 
952 |0 0  |1 0  |4 0  |6 658_802000000000000_KOT_2012  |7 0  |8 R  |9 451498  |a BIBENE  |b BIBENE  |d 2019-11-22  |i 4897560  |l 1  |o 658.802 KOT 2012  |p 4897560  |r 2025-01-15  |s 2022-09-23  |w 2019-11-22  |y BK_R  |k ICO 
952 |0 0  |1 0  |4 0  |6 658_802000000000000_KOT_2012  |7 0  |8 R  |9 451499  |a BIBENE  |b BIBENE  |d 2019-11-22  |i 4897579  |l 2  |o 658.802 KOT 2012  |p 4897579  |r 2025-01-15  |s 2023-08-17  |w 2019-11-22  |y BK_R  |k ICO 
952 |0 0  |1 0  |3 erb  |4 0  |6 658_802000000000000_KOT_2012  |7 0  |8 R  |9 451500  |a BIBENE  |b BIBENE  |d 2019-11-22  |i 500442K  |l 5  |o 658.802 KOT 2012  |p 500442K  |r 2025-01-15  |s 2023-04-05  |w 2019-11-22  |y BK_R  |z Catalogado en:20130829  |k ICO 
952 |0 0  |1 0  |3 erb  |4 0  |6 658_802000000000000_KOT_2012  |7 0  |8 R  |9 451501  |a BIBENE  |b BIBENE  |d 2019-11-22  |i 5004438  |l 1  |o 658.802 KOT 2012  |p 5004438  |r 2025-01-15  |s 2022-08-10  |w 2019-11-22  |y BK_R  |z Catalogado en:20130829  |k ICO 
952 |0 0  |1 0  |3 erb  |4 0  |6 658_802000000000000_KOT_2012  |7 0  |8 R  |9 451502  |a BIBENE  |b BIBENE  |d 2019-11-22  |i 5004446  |l 12  |m 3  |o 658.802 KOT 2012  |p 5004446  |r 2025-01-15  |s 2023-04-03  |w 2019-11-22  |y BK_R  |z Catalogado en:20130829  |k ICO 
952 |0 0  |1 0  |3 erb  |4 0  |6 658_802000000000000_KOT_2012  |7 0  |8 R  |9 451503  |a BIBENE  |b BIBENE  |d 2019-11-22  |i 5004454  |l 5  |m 1  |o 658.802 KOT 2012  |p 5004454  |r 2025-01-15  |s 2023-09-21  |w 2019-11-22  |y BK_R  |z Catalogado en:20130829  |k ICO 
952 |0 0  |1 0  |3 erb  |4 0  |6 658_802000000000000_KOT_2012  |7 0  |8 R  |9 451504  |a BIBGIM  |b BIBGIM  |i 5521645  |l 4  |o 658.802 KOT 2012  |p 5521645  |r 2025-01-15  |s 2023-08-08  |w 2019-11-22  |y BK_R  |z Catalogado en:20181207  |k COM 
952 |0 0  |1 0  |3 erb  |4 0  |6 658_802000000000000_KOT_2012  |7 0  |8 R  |9 451505  |a BIBGIM  |b BIBGIM  |i 5521637  |l 1  |m 1  |o 658.802 KOT 2012  |p 5521637  |r 2025-01-15  |s 2020-03-18  |w 2019-11-22  |y BK_R  |z Catalogado en:20181207  |k COM 
952 |0 0  |1 0  |3 erb  |4 0  |6 658_802000000000000_KOT_2012  |7 0  |8 R  |9 451506  |a BIBGIM  |b BIBGIM  |i 5521629  |l 1  |o 658.802 KOT 2012  |p 5521629  |r 2025-01-15  |s 2023-10-17  |w 2019-11-22  |y BK_R  |z Catalogado en:20181207  |k COM